| 000 | 00960nam a22002417a 4500 | ||
|---|---|---|---|
| 999 |
_c8813 _d8813 |
||
| 003 | AR-CdUCM | ||
| 008 | 190326b ||||| |||| 00| 0 spa d | ||
| 020 | _a84-8387-005-3 | ||
| 040 |
_aMUNICIPALIDAD PROVINCIAL DEL CUSCO _cBIBLIOTECA MUNICIPAL DEL CUSCO |
||
| 082 |
_a498.51 / _bC23 |
||
| 100 |
_aCalvo Pérez, Julio _924557 |
||
| 245 | _aPragmática y Gramática del Quechua Cuzqueño / | ||
| 260 |
_aCusco - Perú : _bCentro Bartolomé de Las Casas ; _c1993. |
||
| 300 |
_a475 páginas ; _bTablas _c25cm |
||
| 440 |
_aMonumenta Lingüística Andina _n2 _924558 |
||
| 505 | _aContenido: Pragmática quechua -- Estructuras internas -- Gramática quechua -- La oración quechua -- La frase nominal quechua... | ||
| 650 |
_aQuechua _92063 |
||
| 650 |
_aOración quechua _924559 |
||
| 650 |
_aGramática quechua _918356 |
||
| 710 |
_aCentro de Estudios Regionales Andinos Bartolomé de Las Casas - Cusco. _915238 |
||
| 942 |
_2ddc _cLIBROS |
||
| 945 | _anom | ||